Riverdale Character Names - Statistics

General Stats
  • This quiz has been taken 361 times
  • The average score is 16 of 19
Answer Stats
Hint Answer % Correct
Jughead Jones
100%
Elizabeth Cooper
99%
Veronica Lodge
99%
Archie Andrews
98%
Cheryl Blossom
98%
Hiram Lodge
96%
F.P Jones
91%
Hermione Lodge
91%
Penelope Blossom
90%
Alice Cooper
90%
Hal Cooper
89%
Kevin Keller
89%
Antoinette Topaz
88%
Josie McCoy
85%
Reggie Mantle
78%
Ethel Muggs
77%
Dilton Doiley
67%
Chuck Clayton
63%
Midge Klump
57%
No matching quizzes found
Score Distribution
Percent of People with Each Score
Percentile by Number Answered
Your Score History
You have not taken this quiz